00704nam a2200193 a 4500003000500000005001700005008004100022020001800063050002400081100001900105245011900124250001700243260004100260300004500301650007500346650005700421700001600478700001600494PILC20150930104153.0091208s19uu xx 00 eng d a9781305770072 aQA 76.3b.An56 2015 aAndrews, Jean. aA+ guide to managing and maintaining your PC with Lab exercises :bsoftware /cJean Andrews, Joy Dark, Todd Verge. a2nd edition. aNew York :bCengage Learning,c2015. axi, 158 pages :c28 cm.billustrations ; aComputing Technology Industry AssociationxExaminationsxStudy guides. aElectronic data processing personnelxCertification. aVerge, Todd aDark, Todd.